Essential songs for Flute. (Record no. 9687)

MARC details
000 -LEADER
fixed length control field 00290nam a22001217a 4500
008 - FIXED-LENGTH DATA ELEMENTS--GENERAL INFORMATION
fixed length control field 230823b |||||||| |||| 00| 0 eng d
020 ## - INTERNATIONAL STANDARD BOOK NUMBER
International Standard Book Number 9781423455301
082 ## - DEWEY DECIMAL CLASSIFICATION NUMBER
Classification number 801.1
245 ## - TITLE STATEMENT
Title Essential songs for Flute.
260 ## - PUBLICATION, DISTRIBUTION, ETC.
Name of publisher, distributor, etc. Hal Leonard.
300 ## - PHYSICAL DESCRIPTION
Extent 144 p:
Other physical details illus;
Dimensions 30 com
942 ## - Added entry Elements (Koha)
Source of classification or shelving scheme Dewey Decimal Classification
Holdings
Withdrawn status Lost status Source of classification or shelving scheme Damaged status Not for loan Home library Current library Shelving location Date acquired Serial Enumeration / chronology Total Checkouts Full call number Barcode Date last seen Price effective from Koha item type
    Dewey Decimal Classification     RTC Library RTC Library Main opac 23/08/2023 177839   801.1 LEO 30018046 23/09/2023 23/08/2023 Main
Royal Thimphu College || All Right Reserved